00509 a2200157 4500020001500000040001300015082000800028245003600036260004100072300002100113440003300134650002600167942002100193999001500214952012200229 a8186830685 aDLCbDLC a423 aComputer dictionary cPentagon. aNew Delhi :bPentagon Press,cc2004. a239 p. :c20 cm. aPentagon's reference library aComputerxDictionary. cBKk423 PEN2ddc c4813d4813 001040708NFICaCLbCLcGENd2007-01-24eSaeed Book Bankg374.32o423 PENpSEECS008040r2012-11-14w2017-01-05yREF